| 000 | 00960nam a2200229 i 4500 | ||
|---|---|---|---|
| 001 | 141150 | ||
| 003 | ES-MaACL | ||
| 005 | 20250907063111.0 | ||
| 007 | t| | ||
| 008 | 070919s1916 sp ||||1| spa d | ||
| 080 | _a161.1 | ||
| 100 | 0 |
_aIbn Tumlus, Yusuf b. Muhammad, _d1164-1223 _965021 |
|
| 245 | 1 | 0 |
_aIntroducción al arte de la lógica. Fascículo I, Categorías, interpretación / _cpor Abentomlús de Alcira ; texto árabe y traducción por Miguel Asín. |
| 260 |
_aMadrid : _bJunta para la Ampliación de Estudios e Investigaciones Científicas, Centro de Estudios Históricos, _c1916. |
||
| 300 |
_aXXIX, 153, 109 p. ; _c23 cm. |
||
| 500 | _a2 tomos en 1 vol. | ||
| 500 | _aLas últimas 109 p. son texto en árabe con port. propia. - Texto en español y árabe. | ||
| 700 | 1 |
_aAsín Palacios, Miguel. _923614 |
|
| 710 | 2 |
_aCentro de Estudios Históricos (1910-1939) _92638 |
|
| 852 |
_aES-MaACL _jB-13191 |
||
| 999 |
_c141150 _d141150 |
||